[Event "Chigorin Memorial 30th"]
[Site "St Petersburg"]
[Date "2023.10.24"]
[Round "4"]
[White "Lopatin, Yuriy"]
[Black "Beznosov, Timofey"]
[Result "0-1"]
[WhiteElo "2082"]
[BlackElo "1876"]
[PlyCount "60"]
[EventDate "2023.10.21"]
[EventType "swiss"]
[EventRounds "9"]
[EventCountry "RUS"]
[SourceTitle "Mega2024 Update 01"]
[Source "Chessbase"]
[SourceDate "2023.11.12"]
[SourceVersion "1"]
[SourceVersionDate "2023.11.12"]
[SourceQuality "1"]

1. Nf3 Nf6 2. d4 e6 3. c4 b6 4. a3 Bb7 5. Nbd2 Be7 6. Qc2 c5 7. dxc5 bxc5 8. e4 d6 9. b4 cxb4 10. axb4 0-0 11. Be2 a5 12. b5 Nbd7 13. 0-0 Qc7 14. Bb2 Rfc8 15. Rfe1 d5 16. e5 Nh5 17. Bd3 Bc5 18. Bxh7+ Kh8 19. Re2 dxc4 20. Ng5 Nf8 21. Be4 f5 22. Bxb7 Qxb7 23. Ra3 Bxa3 24. Bxa3 Ng6 25. Nxe6 Nh4 26. Ne4 Qd5 27. g3 Nf3+ 28. Kg2 fxe4 29. Qxe4 Qxe4 30. Rxe4 Nxe5 0-1

[Event "St Petersburg Korchnoi Memorial op"]
[Site "St Petersburg"]
[Date "2023.08.18"]
[Round "1"]
[White "Shubin, Kirill"]
[Black "Beznosov, Timofey"]
[Result "1-0"]
[WhiteElo "2439"]
[BlackElo "1775"]
[PlyCount "107"]
[EventDate "2023.08.18"]
[EventType "swiss"]
[EventRounds "9"]
[EventCountry "RUS"]
[SourceTitle "EXT 2024"]
[Source "ChessBase"]
[SourceDate "2023.10.10"]
[SourceVersion "1"]
[SourceVersionDate "2023.10.10"]
[SourceQuality "1"]

1. e4 c5 2. Nf3 d6 3. Bb5+ Nd7 4. Ba4 Ngf6 5. 0-0 Nxe4 6. Re1 Nef6 7. d4 cxd4 8. Nxd4 e6 9. Nb5 Qb6 10. N1a3 Qc6 11. Bf4 e5 12. Nxd6+ Qxd6 13. Bxe5 Qxd1 14. Bxf6+ Qxe1+ 15. Rxe1+ Be7 16. Bxe7 f6 17. Nb5 Kf7 18. Nd6+ Kg6 19. Nxc8 Rhxc8 20. Bxd7 Rxc2 21. Ba3 Rd8 22. Ba4 Rcd2 23. g3 a6 24. Be8+ Kf5 25. Kg2 R8d5 26. Re7 Re5 27. Bd7+ Kg6 28. Rxe5 fxe5 29. Bc8 e4 30. Kf1 a5 31. Bxb7 Kf5 32. h3 g5 33. Ke1 Rc2 34. Ba6 Rc1+ 35. Kd2 Ra1 36. Bc4 Rh1 37. Ba6 Ke5 38. Bc8 Ra1 39. Be7 Rxa2 40. Kc2 h6 41. Kb1 Ra4 42. Bf8 Rc4 43. Bg4 Rc6 44. Bg7+ Kd5 45. Bc3 Ra6 46. Ka2 Ra7 47. Bf5 h5 48. g4 hxg4 49. hxg4 Re7 50. Bd2 Rg7 51. Ka3 Rg8 52. Ka4 Rb8 53. b3 Kd4 54. Bxg5 1-0